| 000 | 00677nam a22002057a 4500 | ||
|---|---|---|---|
| 003 | 0 | ||
| 005 | 20250822154142.0 | ||
| 008 | 250822b xxu||||| |||| 00| 0 eng d | ||
| 020 | _a978-1-98469-441-6 | ||
| 050 |
_aHQ 1075 _b.R44 2025 |
||
| 100 |
_aReed, Hannah, _eauthor. |
||
| 245 |
_aGender stereotyping / _cHannah Reed. |
||
| 260 |
_aNew York, NY : _b3G E-Learning LLC, _c2025. |
||
| 300 |
_axviii, 294 pages : _bcolored illustrations ; _c26 cm. |
||
| 504 | _aIncludes bibliographical references and index. | ||
| 650 |
_aSex role _xSex role—Social aspects. |
||
| 650 |
_aGender identity _xSocial aspects. |
||
| 650 | _aStereotypes (Social psychology). | ||
| 942 |
_2lcc _cBK |
||
| 999 |
_c367588 _d367588 |
||